Egy vidéki közétkeztető nehézségei a 37/2014. (IV. 30.) EMMI rendelet előírásainak megvalósítása során

Bibliographic Details
Main Author: Székely-Keresztes Klaudia
Other Authors: Lugasi Dr. habil. Andrea
Format: Thesis
Kulcsszavak:Közétkeztetés
Bölcsőde
Online Access:http://dolgozattar.uni-bge.hu/23098

MARC

LEADER 00000nta a2200000 i 4500
001 dolg23098
005 20200225132716.0
008 191121suuuu hu om 000 hun d
040 |a BGE Dolgozattár Repozitórium  |b hun 
041 |a hu 
100 1 |a Székely-Keresztes Klaudia 
245 1 0 |a Egy vidéki közétkeztető nehézségei a 37/2014. (IV. 30.) EMMI rendelet előírásainak megvalósítása során  |c Székely-Keresztes Klaudia  |h [elektronikus dokumentum] 
695 |a Közétkeztetés 
695 |a Bölcsőde 
700 1 |a Lugasi Dr. habil. Andrea  |e ths 
856 4 0 |u http://dolgozattar.uni-bge.hu/23098/1/Szakdolgozat%20v%C3%A9gleges_LA.pdf  |z Dokumentum-elérés